LDR 00441naa#a2200157#i#450# 001 EN\\bibl\126745 005 20260704041947.6 011 ## _a2542-1840 100 ## _a20260630b2026####ek#y0engy0150####ca 102 ## _aRU 200 1# _aCriminal Aspects of Identifying Deepfakes _eJournal article 210 1# _aKemerovo _cKemerovo State University _d2026 215 ## _a7 с. 608 ## _aJournal article _2local 700 #1 _aVolgin _gYurii G. 856 4# _ajcenter.kemsu.ru _u